00456 2200181 4500001002100000005001500021008004100036020001800077035002000095082001000115084001600125100002900141245002300170250001000193260004100203300002000244990001000264INLIS00000000001481520190117093356190117| ||| 0 ind d a9789791276795 a0010-01190004050 a808.5 a808.5 LUT a0 aLutfi AviantoePengarang10aAyo Belajar Pidato aCet 1 aJakarta :bMediantara Semesta,c2009 a45 hlm ;c25 cm a15198